00484 a2200109 4500020001800000082002000018100002900038245006400067999001900131942004700150952017700197 a9781868429387 a342.667068 GQUB aGqubule Thandeka9135965 aNo longer whispering to power: the story of Thuli Madonsela c758804d758803 w9541xThulani Khanyey9541zThulani Khanye 0010406342_667068000000000_GQUB7083009693245aSTANDLbSTANDLcNon_Fictiond2023-10-18g220.00l0o342.667068 GQUBp33228031012559r2023-10-18v220.00w2023-10-18yBOOK